000 01555nam a2200253Ia 4500
003 Ost
005 20260507075428.0
008 260507s9999||||xx |||||||||||||| ||und||
020 _a9953462046
040 _cfsecg
041 _aara
082 _a332.1
100 _aمسقاوي، لبنى عمر
_eمؤلف
245 0 _aالمسؤولية المصرفية في الاعتماد المالي /
_c لبنى عمر مسقاوي
260 _aبيروت:
_bمنشورات الحلبي الحقوقية,
_c2006
300 _a344 صفحة؛
_bإيضاحات ؛
_c25 سم
504 _aببليوغرافيا: ص325-336
520 _aعقد فتح الاعتماد بين الطبيعة القانونية الخاصة والخضوع للأحكام العامة للموجبات والعقود، المسؤولية المصرفية عن التعسف في استعمال حقه فس معرض عمليات التمويل، مسؤولية البنك عن عدم تنفيذه لموجباته العقدية في اطار عمليات التمويل المصرفي، أساس المسؤولية المصرفية عن عمليات الاعتماد المالي: مبنى المسؤولية المصرفية عن عمليات الاعتماد المالي، في مقتضيات ثبوت المسؤولية المصرفية عن عمليات الاعتماد المالي
653 _aالأحكام
653 _aالبنوك-اعتمادات
653 _aالعقود
700 _aدويدار، هاني
_eمؤلف ثانوي
942 _cكتاب
999 _c44496
_d44496